Datum a čas kvízu
28.5
Celkem bodů
Celkový počet nahraných bodů na tomto kvízu bez doplňovacích otázek.
6.
Pořadí na kvízu
Konečné umístění týmu na tomto kvízu.
Zaznamenané odpovědi
| # | Otázka | Odpověď | Body | Výsledky |
|---|---|---|---|---|
| 1. | Ve kterém městě sídlí hvězdárn... | v Brně | 1 | |
| 2. | Ambiciózní projekt v podobě bu... | Indonésie | 0 | |
| 3. | 42letá americká zpěvačka vydal... | Britney Spears | 1 | |
| 4. | Aplikace Google Mapy si připra... | A | 0 | |
| 5. | Nejnovějšímu žebříčku magazínu... | Markéta Vondroušová | 1 | |
| 6. | Tato plodina je známá též jako... | maniok | 0 | |
| 7. | Vyhlášenou chuťovkou v Ekvádor... | morče | 1 | |
| 8. | Payara, Tucunare nebo Arapaima... | C | 1 | |
| 9. | Chicha je (obvykle) alkoholick... | kukuřice | 0 | |
| 10. | San Juan, La Rioja, Catamarca... | Argentina | 0 |